000 02120nam0a2200385 4500
001 RU\NLR\bibl\1872114
005 20260406014824.0
010 _a978-5-261-00634-3
_9500
021 _aRU
_b2012-7523
_9556
035 _a(nilc)RSL-KNO-005390186
035 _a(NLR Aleph) 001861945
090 _a2543523
_c2543523
100 _a20120213d2011 |||y0rusy50 ca
101 0 _arus
102 _aRU
105 _aa |||||||||
200 1 _aИнновационное техническое обеспечение учебно-тренировочного процесса по физической культуре и спорту
_eучебно-методическое пособие
_fА.И. Антонов
_gМ-во образования и науки Рос. Федерации, Федер. гос. авт. образоват. учреждение высш. проф. образования "Сев. (Арк.) федер. ун-т им. М.В. Ломоносова"
210 _aАрхангельск
_cСеверный (Арктический) федеральный университет
_d2011
215 _a105 с.
_cил.
_d21
320 _aБиблиогр.: с. 77-78
606 1 _aСпортивная тренировка
_jУчебно-методические пособия
_xИспользование технических средств
_91824847
_3RU\NLR\auth\661116937
606 1 _aФизическая культура и спорт
_jУчебно-методические пособия
_xИнновационная деятельность
_92526324
_3RU\NLR\AUTH\661496676
686 _aЧ511.96я8
_2rubbk
686 1 _aЧ514(0)к.я7
686 1 _aЧ511.50я7
700 1 _4070
_8rus
_7ca
_aАнтонов
_bА. И.
_cпреподаватель, физическая культура
_gАлександр Иванович
_3RU\NLR\auth\77120299
_9103224
801 0 _aRU
_bRuMoRKP
_c20120213
_grcr
801 1 _aRU
_bРГБ
_c20120213
801 2 _aRU
_bNLR
_c20120220
_grcr
830 _aавт. по кн.
942 _cBOOK
980 _aNB
980 _aNBR